00856nam a2200229 a 450000100060000000300080000600500170001400800410003103500190007204000310009104100080012208200240013024502090015426000720036330000260043550400290046150500220049065000420051265000350055470000200058970000170060971931BD-RjUL20211209082202.0170509s1960 nyua b 100 0 eng d a(BD-RjUL)72147 aDLC/ICUcICUdBD-RjULbeng aeng00a539.7223bNUC 196010aNuclear forces and the few-nucleon problem :bproceedings of the international conference held at the Physics Department, Univ. College, London on 8-11 july 1959 /cEdited by T.C. Griffith and E.A. Power. aNew York :bSymposium Publications Division, Pergamon Press,c1960. a v. :bill. ;c24 cm. aIncludes bibliographies.0 aVol. 1 -- V. 2 -- 0aNuclear forces (Physics)xCongresses. 0aNuclear reactionsxCongresses. aGriffith, T.C.  a Power, E.A.